La navigation intérieure en Espagne / (Record no. 157855)

MARC details
000 -LEADER
campo de control de longitud fija 01084nam a2200229 i 4500
001 - NÚMERO DE CONTROL
campo de control 157855
003 - IDENTIFICADOR DE NÚMERO DE CONTROL
campo de control ES-MaACL
005 - FECHA Y HORA DE LA ÚLTIMA TRANSACCIÓN
campo de control 20250713063722.0
008 - DATOS DE LONGITUD FIJA--INFORMACIÓN GENERAL
campo de control de longitud fija 040825s1890 xx |||| | fre d
100 1# - ENTRADA PRINCIPAL--NOMBRE DE PERSONA
Nombre de persona Llauradó, Andrés,
Fechas asociadas al nombre 1840-1899
9 (RLIN) 129002
245 13 - MENCIÓN DEL TÍTULO
Título La navigation intérieure en Espagne /
Mención de responsabilidad, etc. par André de Llauradó.
260 ## - PUBLICACIÓN, DISTRIBUCIÓN, ETC.
Lugar de publicación, distribución, etc. [S.l. :
Nombre del editor, distribuidor, etc. s.n.,
Fecha de publicación, distribución, etc. 1890?]
300 ## - DESCRIPCIÓN FÍSICA
Extensión 30 p. ;
Dimensiones 33 cm.
594 ## - Nota al título y mención de responsabilidad
Nota al título y mención de responsabilidad Tít. y autor tomados de comienzo de texto.
594 ## - Nota al título y mención de responsabilidad
Nota al título y mención de responsabilidad Precede al tít.: Quatrième Congrès International de Navigation Intérieure.
596 ## - NOTA AL PIE DE IMPRENTA
NOTA AL PIE DE IMPRENTA Según consta en BLPC el Congreso tuvo lugar en Manchester, 1890.
650 04 - PUNTO DE ACCESO ADICIONAL DE MATERIA--TÉRMINO DE MATERIA
Término de materia o nombre geográfico como elemento de entrada Navegación interior-
Subdivisión geográfica España.
9 (RLIN) 136585
711 2# - ENTRADA AGREGADA--NOMBRE DE REUNIÓN
Nombre de congreso/reunión o jurisdicción como elemento de entrada Congrès International de Navigation Intérieure (
Número del congreso/reunión o número de parte o sección 4º.
Fecha del congreso o de la firma del tratado 1890.
Sede del congreso/Lugar de la reunión Manchester)
9 (RLIN) 135112
852 ## - LOCALIZACIÓN
Ubicación ES-MaACL
Número de control de estantería T-663-F-7
Nota libre - Enc. hol.
-- . - Ded. del autor a Manuel Sainz [Saenz] Diez
condición física - Falto de cub. original
Nota libre - Enc. en un vol. facticio
852 ## - LOCALIZACIÓN
Ubicación ES-MaACL
Número de control de estantería T-501-F-13
Nota libre .- Dedicatoria autógrafa del autor
condición física - Falto de cub. original
Holdings
Estatus retirado Estado de pérdida Estado de daño No para préstamo Colección Biblioteca de origen Biblioteca actual Ubicación en estantería Fecha de adquisición Total de préstamos Signatura topográfica completa Código de barras Visto por última vez Precio de reemplazo Tipo de ítem Koha Fuente de adquisición
        Colección de folletos Biblioteca del Ateneo de Madrid Biblioteca del Ateneo de Madrid Depósito folletos 17/01/2008   T-663-F-7 1165202 23/02/2023 23/02/2023 Folleto  
        Colección de folletos Biblioteca del Ateneo de Madrid Biblioteca del Ateneo de Madrid Depósito folletos 27/08/2010   T-501-F-13 1183706 23/02/2023 23/02/2023 Folleto